Burtons Microbiology (Record no. 594567)
[ view plain ]
| 000 -LEADER | |
|---|---|
| fixed length control field | 00339nam a22001217a 4500 |
| 020 ## - INTERNATIONAL STANDARD BOOK NUMBER | |
| International Standard Book Number | 139781496380463 |
| 040 ## - CATALOGING SOURCE | |
| Transcribing agency | NUST IESE |
| 082 ## - DEWEY DECIMAL CLASSIFICATION NUMBER | |
| Edition number | Eleventh Edition |
| Classification number | 616.9 |
| Author Mark | ENG |
| 245 ## - TITLE STATEMENT | |
| Title | Burtons Microbiology |
| Remainder of title | For the health sciences |
| 260 ## - PUBLICATION, DISTRIBUTION, ETC. | |
| Place of publication, distribution, etc. | CHINA |
| Name of publisher, distributor, etc. | S4CARLISLE |
| Date of publication, distribution, etc. | 2019 |
| 300 ## - PHYSICAL DESCRIPTION | |
| Extent | 477 |
| 942 ## - ADDED ENTRY ELEMENTS (KOHA) | |
| Source of classification or shelving scheme | |
| Koha item type | Book |
| Edition | Eleventh |
| Call number prefix | 616.9 ENG |
| Call number suffix | 616.9 ENG |
| Withdrawn status | Lost status | Source of classification or shelving scheme | Damaged status | Not for loan | Permanent Location | Current Location | Shelving location | Date acquired | Total Checkouts | Full call number | Barcode | Date last seen | Price effective from | Koha item type |
|---|---|---|---|---|---|---|---|---|---|---|---|---|---|---|
| Institute of Environmental Science and Engineering (IESE) | Institute of Environmental Science and Engineering (IESE) | General Stacks | 04/28/2023 | 616.9 ENG | IESE-4016 | 04/28/2023 | Book |
